Personnages de Teamfight Tactics par set - Statistiques

Statistiques générales
  • Ce quiz a été pris 7 fois
  • Le résultat moyen est 39 sur 194
Statistiques - réponses
Réponse Total PO max Set concerné Origine Classe % Correct
Aatrox 13 5 9.5 Darkin Colosse Bourreau
75%
Viktor 5 6 13 Héraut des machines
75%
Ambessa 1 4 13 Conquérant Émissaire Assaillant
50%
Annie 11 4 14 Bœuf doré A.M.P.
50%
Ashe 16 4 15 Gambit de cristal Duelliste
50%
Aurora 1 5 14 Section Anima Dynamo
50%
Bel'Veth 4 5 9.5 Néant Impératrice
50%
Brand 8 4 14 Démon urbain Technophile
50%
Braum 10 5 15 Luchador Champion Bastion
50%
Caitlyn 8 5 13 Pacifieur Sniper
50%
Cho'Gath 11 4 14 Boum'Bot Bagarreur
50%
Elise 8 4 13 Rose noire Bagarreur Transformation
50%
Garen 14 5 14 Dieu cybernétique
50%
Gragas 4 3 14 Divinicorp Bagarreur
50%
Janna 10 5 8.5 Miss-Météo Lanceur de sorts
50%
Jarvan IV 10 4 15 Méga-mecha Stratège
50%
Jayce 11 5 13 Académie Transformation
50%
Jinx 16 5 13 Rebelle Embuscade
50%
Kobuko 3 5 14 Cyberboss Bagarreur
50%
Kog'Maw 8 3 15 Dresseuse de monstre
50%
LeBlanc 6 5 13 Rose noire Sorcier
50%
Lee Sin 11 5 15 Maître des postures
50%
Loris 1 3 13 Pacifieur Sentinelle
50%
Maddie 1 3 13 Pacifieur Sniper
50%
Mordekaiser 11 5 13 Conquérant Dominateur
50%
Morgana 11 5 12 Sorcière Reine des chauve-souris Préservateur
50%
Naafiri 3 2 14 Exotech A.M.P.
50%
Neeko 13 4 14 Démon urbain Stratège
50%
Powder 1 1 13 Famille Ferrailleur Embuscade
50%
Rammus 3 3 15 Dresseuse de monstre
50%
Renekton 6 5 14 Divinicorp Seigneur suprême Bastion
50%
Rumble 4 5 13 Roi des recycleurs Ferrailleur Sentinelle
50%
Samira 10 5 14 Démon urbain A.M.P.
50%
Senna 11 5 9 Îles obscures Cannonier Rédemptrice
50%
Séraphine 7 5 15 Gardienne des étoiles Prodige
50%
Sevika 1 5 13 Flambeuse Techno-chimiste Combattant d'arène
50%
Skarner 4 2 14 Boum'Bot Initiateur
50%
Twisted Fate 13 5 15 Capitaine rebelle L'Équipage
50%
Twitch 8 4 13 Expérimentation Sniper
50%
Udyr 4 5 11 Guerrier d'encre Béhémoth Gardien des esprits
50%
Vander 1 2 13 Famille Veilleur
50%
Varus 9 5 15 Spectre Sniper
50%
Vex 7 4 14 Divinicorp Exécuteur
50%
Vi 16 4 13 Pacifieur Combattant d'arène
50%
Viego 8 5 14 Bœuf doré Tueur d'âmes Technophile
50%
Violet 1 1 13 Famille Combattant d'arène
50%
Vladimir 8 2 13 Rose noire Veilleur Sorcier
50%
Warwick 11 6 13 Traqueur sanguinaire Expérimentation
50%
Zac 7 5 14 Virus
50%
Zyra 10 5 15 Gambit de cristal Rose-mère
50%
Ahri 11 5 9.5 Ionia Sorcier
25%
Alune 1 3 11 Ombre Incantateur
25%
Aurelion Sol 9 10 7 Cosmique Dragon Ensorceleur
25%
Azir 7 5 11 Dryade Incantateur
25%
Briar 1 5 12 Surnaturel Vorace Métamorphe
25%
Camille 7 5 12 Chronomancien As des armes
25%
Corki 4 4 13 Ferrailleur Artilleur
25%
Diana 10 5 12 Givre Bastion
25%
Dr. Mundo 5 4 13 Expérimentation Dominateur
25%
Fiora 11 4 12 Sorcière Guerrier
25%
Gangplank 10 5 9.5 Bilgewater Cannonier Roi des pillards
25%
Gwen 4 5 15 Combattant spirituel Sorcier
25%
Hwei 2 5 11 Mythique Artiste
25%
Illaoi 9 5 10 ILLBEATS Bagarreur
25%
Irelia 11 5 11 Mythificateur Duelliste
25%
Jhin 11 5 10 Maestro Big Shot
25%
Kalista 8 4 12 Fae As des armes
25%
Karma 11 4 15 Méga-mecha Sorcier
25%
Katarina 11 3 12 Fae Guerrier
25%
Kayn 5 5 10 HEARTSTEEL Joker Edgelord
25%
Kennen 8 3 4.6 Ninja Sentinelle
25%
Lissandra 6 5 11 Porcelaine Arcaniste
25%
Lucian 9 5 10 Jazzy Ultrarapide
25%
Malzahar 6 5 13 Automate Visionnaire
25%
Milio 2 5 12 Fae Érudit
25%
Nasus 9 4 12 Pyromancien Métamorphe
25%
Nilah 5 4 9.5 Bilgewater Conquérant
25%
Norra 1 5 12 Portail Meilleurs amis Mage
25%
Olaf 8 4 12 Givre Chasseur
25%
Ornn 5 5 4.6 Sylvestre Initiateur Forgeron
25%
Poppy 15 4 15 Gardienne des étoiles Poids lourd
25%
Qiyana 6 5 10 True Damage Crowd surfeur
25%
Rakan 9 5 11 Seigneur draconique Amants Altruiste
25%
Rengar 3 3 14 Démon urbain Exécuteur
25%
Renni 1 3 13 Techno-chimiste Bagarreur
25%
Scar 1 3 13 Feu volant Veilleur
25%
Sejuani 13 4 14 Exotech Bastion
25%
Sett 14 5 11 Prédestiné Ombre Rempart
25%
Shen 13 4 9.5 Ionia Bastion Incantateur
25%
Shyvana 7 10 7 Furiaile Dragon Métamorphe
25%
Smeech 1 3 13 Techno-chimiste Embuscade
25%
Smolder 2 5 12 Dragon Atomiseur
25%
Sona 7 5 10 Mixmaster Tisseur de sorts
25%
Steb 1 1 13 Pacifieur Bagarreur
25%
Sylas 7 4 11 Ombre Bagarreur
25%
Syndra 11 5 8.5 Gardienne des étoiles Cœur
25%
Tristana 10 3 11 Fortune Duelliste
25%
Wukong 10 5 11 Divin Grand Sage
25%
Xayah 10 5 11 Seigneur draconique Amants Tireur
25%
Xerath 3 5 12 Arcanes Ascendant
25%
Yone 9 5 15 Méga-mecha Edgelord
25%
Yorick 3 5 10 Pentakill Gardien Pogo
25%
Ziggs 11 5 10 Hyperpop Envoûteur
25%
Akali 9 5 6 Pègre Assassin
0%
Akshan 2 5 5.5 Sentinelle Rôdeur
0%
Alistar 4 4 6.5 Hextech Bagarreur
0%
Amumu 4 5 2 Enfer Gardien
0%
Anivia 2 5 1 Glacial Élémentaliste
0%
Ao Shin 2 10 7 Tempête Dragon
0%
Aphelios 10 5 8 Aurochs Arsenal Franc-tireur
0%
Bard 6 5 7.5 Guilde Barde Mystique
0%
Blitzcrank 10 4 10 Disco Sentinelle
0%
Cassiopeia 5 4 4 Être du crépuscule Mystique
0%
Daeja 2 8 7 Mirage Dragon
0%
Darius 13 5 5 Héraut de la nuit Dieu-Roi Chevalier
0%
Draven 8 4 6.5 Séducteur Challenger
0%
Ekko 12 5 3.5 Cyborg Infiltrateur
0%
Evelynn 3 3 4 Fanatique Ombre
0%
Ezreal 14 5 4 Sylvestre Envoûteur
0%
Ezreal Ultime 1 5 8.5 Multivers Parallèle Franc-tireur
0%
Fiddlesticks 4 5 8.5 Corrompu Menace
0%
Fizz 2 4 3.5 Pilote de mecha Infiltrateur
0%
Galio 9 5 6.5 Vedette Garde du corps Colosse
0%
Gnar 9 4 3.5 Astronaute Combattant
0%
Graves 7 4 7.5 Tempête Canonnier
0%
Hecarim 6 4 7.5 Furiaile Cavalier
0%
Heimerdinger 7 5 9.5 Piltover Technogénie
0%
Idas 2 8 7 Luminécaille Dragon Gardien
0%
Ivern 3 4 5.5 Revenant Incantateur Régénérateur
0%
Jax 13 4 5.5 Cuirassé Escarmoucheur
0%
Kai'Sa 12 5 6.5 Mutant Challenger
0%
Karthus 2 5 1 Fantôme Sorcier
0%
Kassadin 7 3 3 Être céleste Pillard de mana
0%
Kayle 12 5 5.5 Repentant Légionnaire
0%
Kha'Zix 7 4 6.5 Mutant Assassin
0%
Kindred 8 5 5 Éternel Rôdeur Mystique
0%
Kled 3 2 9 Noxus Yordle Bourreau
0%
K'Santé 4 5 9.5 Shurima Bastion
0%
Leona 15 5 8.5 Mecha Égide Renégat
0%
Lillia 6 5 4 Être du crépuscule Mage
0%
Lulu 15 5 3.5 Être céleste Mystique
0%
Lux 14 7 2 Variable Avatar
0%
Maître Yi 3 5 2 Ombre Mystique Maître des lames
0%
Malphite 9 4 2 Montagne Rempart
0%
Maokai 5 1 9 Îles obscures Bastion
0%
Mel 1 6 13 Mage bannie
0%
Miamsy 2 6 7.5 Prodige Dragon
0%
Miss Fortune 10 5 3 Valkyrie Atomiseur Mercenaire
0%
Nami 6 5 2 Océan Mystique
0%
Nautilus 8 4 11 Mythique Rempart
0%
Nidalee 9 3 5.5 Héraut de l'aube Escarmoucheur
0%
Nocturne 6 3 5.5 Revenant Assassin
0%
Nunu et Willump 11 5 8.5 Super-ado Mascotte
0%
Orianna 4 4 6.5 Mécanique Enchanteur
0%
Panthéon 5 5 1 Dragon Gardien
0%
Pyke 7 5 7 Murmure Assassin
0%
Quinn 3 3 9.5 Demacia Bourreau
0%
Rek'Sai 6 3 9.5 Néant Bagarreur Bourreau
0%
Rell 7 4 5.5 Repentant Cuirassé Cavalier
0%
Renata Glasc 2 4 6.5 Techno-chimiste Érudit
0%
Riven 8 4 4 Être du crépuscule Sentinelle
0%
Ryze 6 5 9.5 Vagabond Incantateur
0%
Shaco 4 3 6 Pègre Assassin
0%
Shi Oh Yu 2 8 7 Jade Dragon Mystique
0%
Silco 3 5 6.5 Génie du crime Érudit
0%
Singed 4 5 2 Poison Alchimiste
0%
Sion 4 5 9.5 Noxus Bagarreur
0%
Sivir 8 4 6.5 Hextech Attaquant
0%
Sohm 1 7 7.5 Lagon Mage Dragon
0%
Soraka 12 5 7.5 Jade Stellomancien
0%
Swain 12 7 7.5 Ailes noires Dragon
0%
Sy'fen 2 8 7 Murmure Dragon Combattant
0%
Tahm Kench 9 5 6.5 Glouton Mercenaire Bagarreur
0%
Taliyah 5 4 8 Gardienne des étoiles Tisseur de sorts
0%
Talon 7 4 7 Guilde Assassin
0%
Taric 8 5 2 Cristal Rempart
0%
Teemo 8 6 5.5 Démon Cruel Incantateur
0%
Terra 1 8 7.5 Monolithe Dragon
0%
Thresh 9 5 3.5 Chrononaute Pillard de mana
0%
Trundle 3 2 6 Ferrailleur Bagarreur
0%
Tryndamere 3 4 4.5 Maître de guerre Duelliste Bourreau
0%
Urgot 8 5 14 Boum'Bot Exécuteur
0%
Vayne 9 3 8.5 Section Anima Duelliste
0%
Veigar 9 5 6.5 Seigneur yordle
0%
Vel'Koz 7 4 5.5 Repentant Tisseur de sorts
0%
Volibear 8 5 5.5 Revenant Combattant
0%
Xin Zhao 4 3 4 Maître de guerre Duelliste
0%
Yasuo 17 5 7.5 Mirage Dracomancien Guerrier
0%
Yuumi 7 5 6 Académie Câlin Érudit
0%
Zed 10 5 2 Électrique Assassin Invocateur
0%
Zeri 5 5 6.5 Séducteur Sniper
0%
Zilean 6 5 4.6 Fanatique Mystique
0%
Zippy 1 6 7.5 Guilde Dragon
0%
Zoé 8 5 7.5 Luminécaille Mage Voleuse de sorts
0%
Aucun quiz correspondant
Distribution des résultats
% des personnes avec chaque résultat
Percentile par nombre de réponses
Votre historique - résultats
Vous n’avez pas pris ce quiz